Hunger Games - Quiz sur Peeta - Statistiques

Statistiques générales
  • Ce quiz a été pris 559 fois
    558 depuis la dernière actualisation
  • Le résultat moyen est 16 sur 25
Statistiques - réponses
Hint Réponse % Correct
Faits de base Couleur de ses cheveux Blond
99%
Faits de base Combien de frères aînés a-t-il ? 2
98%
Faits de base Quel âge a Peeta au début de Hunger Games ? 16 ans
96%
Faits de base Quelle est la profession du père de Peeta ? Boulanger
96%
Faits de base Couleur de ses yeux Bleu
94%
Peeta & Katniss Sa partenaire pendant les 74e et 75e Hunger Games et sa future femme Katniss Everdeen
92%
Faits de base Quelle est la couleur préférée de Peeta ? Orange
92%
75e Hunger Games Après que Peeta a failli être tué par le champ de force, qui le ranime ? Finnick
87%
75e Hunger Games Pour qui Peeta se porte-t-elle volontaire lors des 75e Hunger Games ? Haymitch
85%
Peeta & Katniss Que donne Peeta à Katniss lorsqu'elle est affamée ? Du pain
78%
74e Hunger Games Après les 74e Hunger Games, Peeta reçoit une prothèse pour quelle partie du corps ? Jambe
78%
Peeta & Katniss Sur la plage, qu'est-ce que Peeta trouve et donne à Katniss ? Une perle
76%
74e Hunger Games Qui a failli tuer Peeta durant la "finale" des 74e Hunger Games ? Cato
73%
Faits de base District d'origine District 12
73%
74e Hunger Games Quel tribut Peeta empoisonne-t-il accidentellement dans les 74e Hunger Games ? La Renarde
65%
Peeta & Katniss Combien d'années faut-il à Peeta pour convaincre Katniss d'avoir des enfants ? 15 ans
57%
Peeta & Katniss Lorsque Katniss et Peeta sont enfin réunis dans le District 13, il essaie de ? l'étrangler
56%
Peeta & Katniss Quel est le nom du jeu que Peeta utilise pour trier ses souvenirs après avoir subi un lavage de cerveau ? Réel ou pas réel
55%
Les Films Acteur dans la Saga Josh Hutcherson
51%
Après les 75e Hunger Games Peeta décore un gâteau de mariage pour qui ? Finnick & Annie
48%
75e Hunger Games Qui réconforte-t-il alors qu'ils sont en train de mourir ? Les drogués du District 6
30%
74e Hunger Games Qui est la styliste de Peeta pour les Hunger Games ? Portia
29%
Peeta & Katniss Que plante Peeta autour de la maison de Katniss au village de Victor ? Des primevères
21%
Après les 75e Hunger Games Au Capitole, qui Peeta tue-t-il en le faisant tomber dans un filet de fil de fer barbelé ? Mitchell
7%
74e Hunger Games D'après Peeta, quelle est la dernière défense des mourants ? Le glaçage
4%
Aucun quiz correspondant
Distribution des résultats
% des personnes avec chaque résultat
Percentile par nombre de réponses
Votre historique - résultats
Vous n’avez pas pris ce quiz depuis la dernière actualisation